Didáctica de la religión. Tesoro escondido de la escuela
Guardat en:
| Autor principal: | |
|---|---|
| Format: | Llibre |
| Idioma: | espanyol |
| Publicat: |
Madrid, España:
PPC,
2011
|
| Col·lecció: | Educar Práctico
|
| Matèries: | |
| Etiquetes: |
Afegir etiqueta
Sense etiquetes, Sigues el primer a etiquetar aquest registre!
|
MARC
| LEADER | 00000cam a2200000 a 4500 | ||
|---|---|---|---|
| 001 | UCE6063 | ||
| 003 | CL-VaPUC | ||
| 005 | 20220302170621.0 | ||
| 008 | 150319e20110000sp |||||||||||||||||spa|d | ||
| 020 | |a 9788428823159 | ||
| 040 | |c Pontificia Universidad Católica de Valparaíso | ||
| 082 | 0 | 4 | |a 268 GOM 2011 |2 21 |
| 100 | |a Gómez Sierra, María Eugenia |e autor |9 578723 | ||
| 245 | 1 | 0 | |a Didáctica de la religión. |b Tesoro escondido de la escuela |
| 260 | |a Madrid, España: |b PPC, |c 2011 | ||
| 300 | |a 169 páginas | ||
| 490 | 0 | |a Educar Práctico | |
| 583 | |a last modification |c 20150319 12:57:00 |k Rodrigo Vera | ||
| 650 | 0 | |a Enseñanza de la religión |9 432005 | |
| 650 | 0 | |a Educación religiosa |9 308312 | |
| 942 | |c BK |2 ddc | ||
| 945 | |d 20150319 12:57:00 |a arojas | ||
| 999 | |c 358531 |d 358529 | ||
| 952 | |0 0 |1 0 |2 ddc |3 erb |4 0 |6 268_000000000000000_GOM_2011 |7 0 |8 A |9 467305 |a BIBTEO |b BIBTEO |i 5141249 |l 2 |m 15 |o 268 GOM 2011 |p 5141249 |r 2025-01-17 |s 2022-01-03 |w 2019-11-23 |y BK |z Catalogado en:20150319 |k ICR | ||
| 952 | |0 0 |1 0 |2 ddc |4 0 |6 268_000000000000000_GOM_2011 |7 0 |8 A |9 581628 |a BIBTEO |b BIBTEO |c GEN |d 2022-03-02 |e 3 |g 24511.00 |i 5648882 |o 268 GOM 2011 |p 5648882 |r 2025-01-17 |t 2 |v 24511.00 |w 2022-03-02 |y BK |k ICR | ||